00466 2200193 4500001002100000005001500021035002000036008004100056245004100097100002000138250000600158260003600164300001200200084001400212082000800226650001400234990001200248990001200260INLIS00000000000047020240430112331 a0010-0424000446240430 0 ind 1 aPramuka Penggalang /cLanang Kuncoro aKuncoro, Lanang a1 aKlaten :bIntan Pariwara,c2016 a178 hlm a369 LAN p a369 4aNon Fiksi a0728518 a0728519